| 000 | 00945nam a22002535a 4500 | ||
|---|---|---|---|
| 005 | 20170111150857.0 | ||
| 008 | 170111s2016 gw a frb 000 0 eng d | ||
| 020 | _a9783659891595 | ||
| 040 |
_aEG-ScBUE _beng _cEG-ScBUE _dEG-ScBUE |
||
| 043 | _af-ua--- | ||
| 082 | 0 | 4 |
_a362.82920962 _bELB _222 |
| 100 | 1 | _aEl Barbary, Reem. | |
| 245 | 1 | 4 |
_aThe state, women and domestic violence in Egypt : _bthe ongoing processes underpinning domestic violence against women in light of the fast paced developments in Egypt / _cReem El Barbary. |
| 260 |
_aSaarbrücken : _bLAP LAMBERT Academic Publishing, _c2016. |
||
| 300 |
_a79 p. : _bill. ; _c24 cm. |
||
| 504 | _aIncludes bibliographical references. | ||
| 590 | _acomposed by BUE staff. | ||
| 650 | 7 |
_aAbused women _zEgypt. _2BUEsh |
|
| 650 | 7 |
_aWife abuse _zEgypt. _2BUEsh |
|
| 650 | 7 |
_aWomen _xViolence against _zEgypt. _2BUEsh |
|
| 651 | _2BUEsh | ||
| 653 |
_bBUSBOL _bGGEN _cJanuary2017 |
||
| 942 | _2ddc | ||
| 999 |
_c23884 _d23856 |
||